[Event "IX American Continental Classical Championship 201"]
[Site "Hotel Pipa AtlÃ¢ntico - Praia da Pipa - Rio Grande"]
[Date "2014.10.19"]
[Round "2"]
[Board "20"]
[White "Ibar, Marcelo"]
[Black "Terry, Renato"]
[Result "0-1"]
[WhiteElo "2155"]
[BlackElo "2454"]
[PlyCount "116"]
[EventDate "2014.10.18"]
[EventRounds "11"]
[EventCountry "BRA"]

1. e4 e6 2. d4 d5 3. Nd2 Be7 4. c3 c5 5. exd5 exd5 6. Ngf3 Nc6 7. dxc5 Bxc5 8.
Nb3 Bb6 9. Qe2+ Nge7 10. Be3 O-O 11. Bxb6 Qxb6 12. Qb5 Qc7 13. Be2 a5 14. O-O
a4 15. Nbd4 a3 16. b4 Nxd4 17. cxd4 b6 18. Qd3 Bf5 19. Qd2 Qd6 20. Rfc1 f6 21.
b5 Rfc8 22. h3 Ng6 23. Bd3 Bxd3 24. Qxd3 Nf4 25. Qd2 g5 26. Rc2 Rc4 27. Rac1
Rac8 28. Rxc4 dxc4 29. g3 Nd5 30. h4 h6 31. hxg5 hxg5 32. Qc2 Kg7 33. Qf5 Ne7
34. Qe4 Rc7 35. Kg2 Qd5 36. Qxd5 Nxd5 37. Ne1 Nb4 38. Nc2 Nxa2 39. Ra1 Nc3 40.
Rxa3 Nxb5 41. Ra6 Rb7 42. Ne3 c3 43. d5 Kf7 44. Kf1 Nd4 45. Ra4 c2 46. Rc4 b5
47. Rc8 b4 48. Nxc2 Nxc2 49. Rxc2 Ke7 50. Ke1 Kd6 51. Kd1 b3 52. Rb2 Kxd5 53.
Kc1 Ke4 54. Rd2 Rc7+ 55. Kb1 Rc2 56. f3+ Kxf3 57. Rd3+ Kg4 58. Rxb3 Rg2 0-1

[Event "IX American Continental Classical Championship 201"]
[Site "Hotel Pipa AtlÃ¢ntico - Praia da Pipa - Rio Grande"]
[Date "2014.10.19"]
[Round "2"]
[Board "21"]
[White "Barbosa, Evandro Amorim"]
[Black "Januario, Severino Pereira"]
[Result "1-0"]
[WhiteElo "2449"]
[BlackElo "2171"]
[PlyCount "85"]
[EventDate "2014.10.18"]
[EventRounds "11"]
[EventCountry "BRA"]

1. e4 c6 2. d4 d5 3. Nc3 dxe4 4. Nxe4 Bf5 5. Ng3 Bg6 6. h4 h6 7. Nf3 Nd7 8. h5
Bh7 9. Bd3 Bxd3 10. Qxd3 e6 11. Bd2 Ngf6 12. O-O-O Qc7 13. Ne4 Nxe4 14. Qxe4
Nf6 15. Qe2 Bd6 16. g3 b5 17. Kb1 b4 18. Ne5 Bxe5 19. dxe5 Nd5 20. Rh4 Qb6 21.
Ka1 O-O-O 22. Rc1 Rd7 23. Qe1 c5 24. c3 b3 25. c4 Qa6 26. a3 Nb6 27. Be3 Na4
28. g4 Qc6 29. Rh1 Kb7 30. g5 hxg5 31. Bxg5 Ka6 32. Rh3 Qb7 33. Rd1 Rxd1+ 34.
Qxd1 Rb8 35. Rd3 Qg2 36. Rd6+ Nb6 37. Qxb3 Rc8 38. Bd8 Rc6 39. Qb5+ Kb7 40.
Qxc6+ Qxc6 41. Rxc6 Kxc6 42. Bxb6 axb6 43. Kb1 1-0

[Event "IX American Continental Classical Championship 201"]
[Site "Hotel Pipa AtlÃ¢ntico - Praia da Pipa - Rio Grande"]
[Date "2014.10.19"]
[Round "2"]
[Board "22"]
[White "Leitao, Nicolau"]
[Black "Krysa, Leandro"]
[Result "0-1"]
[WhiteElo "2138"]
[BlackElo "2446"]
[PlyCount "120"]
[EventDate "2014.10.18"]
[EventRounds "11"]
[EventCountry "BRA"]

1. d4 Nf6 2. c4 g6 3. Nc3 d5 4. Bf4 Bg7 5. e3 c5 6. dxc5 Qa5 7. Rc1 dxc4 8.
Bxc4 O-O 9. Nf3 Qxc5 10. Bb3 Qa5 11. O-O Nbd7 12. Qe2 Nc5 13. Bc4 Be6 14. Bxe6
Nxe6 15. Be5 Ng5 16. Qb5 Nxf3+ 17. gxf3 Qxb5 18. Nxb5 a6 19. Nd4 Rfc8 20. Nb3
Nd5 21. Bxg7 Kxg7 22. Rxc8 Rxc8 23. Rc1 Rxc1+ 24. Nxc1 Kf6 25. Nd3 b6 26. Kf1
e5 27. Ke2 Ke6 28. Kd2 f5 29. Ke2 g5 30. Kd2 h6 31. Ke2 h5 32. Kd2 h4 33. Ne1
h3 34. Ke2 Nf6 35. Kf1 Kd5 36. Ke2 Ke6 37. Kd2 a5 38. Kd3 Kd5 39. Ke2 Kd6 40.
Kd3 Kd5 41. Ke2 b5 42. Kd2 g4 43. Ke2 e4 44. f4 g3 45. fxg3 Ng4 46. Nc2 Nxh2
47. b3 Nf3 48. Kf2 Kc5 49. Kf1 Nd2+ 50. Kf2 Nf3 51. Kf1 a4 52. Kf2 axb3 53.
axb3 Kd5 54. Nb4+ Kd6 55. Nc2 Kc5 56. g4 fxg4 57. Kg3 h2 58. Kg2 g3 59. Kh1 Ng1
60. Kg2 Nh3 0-1

[Event "IX American Continental Classical Championship 201"]
[Site "Hotel Pipa AtlÃ¢ntico - Praia da Pipa - Rio Grande"]
[Date "2014.10.19"]
[Round "2"]
[Board "23"]
[White "Martinez Alcantara, Jose Eduar"]
[Black "Cortes Orihuela, Javier"]
[Result "1-0"]
[WhiteElo "2440"]
[BlackElo "2156"]
[PlyCount "71"]
[EventDate "2014.10.18"]
[EventRounds "11"]
[EventCountry "BRA"]

1. c4 Nf6 2. Nc3 d5 3. cxd5 Nxd5 4. g3 g6 5. Bg2 Nb6 6. Nf3 Bg7 7. d3 Nc6 8.
O-O O-O 9. Be3 e5 10. Ne4 Nd4 11. Nxd4 exd4 12. Bg5 f6 13. Qb3+ Kh8 14. Bd2 a5
15. Nc5 a4 16. Qc2 c6 17. b3 a3 18. b4 Nd5 19. Rae1 f5 20. e4 dxe3 21. fxe3 b6
22. Nb3 Qd6 23. b5 cxb5 24. Nd4 Bb7 25. Nxb5 Qd7 26. Qb3 Bc6 27. Nxa3 b5 28.
Nc2 Rfd8 29. Nd4 Bxd4 30. exd4 Qa7 31. Rf2 Qxd4 32. Bc1 Kg8 33. Bb2 Qc5 34. Rc1
Qd6 35. Bxd5+ Bxd5 36. Qc3 1-0

[Event "IX American Continental Classical Championship 201"]
[Site "Hotel Pipa AtlÃ¢ntico - Praia da Pipa - Rio Grande"]
[Date "2014.10.19"]
[Round "2"]
[Board "24"]
[White "Palacio, Igor Da Paz"]
[Black "Paveto, Kevin"]
[Result "0-1"]
[WhiteElo "2130"]
[BlackElo "2426"]
[PlyCount "100"]
[EventDate "2014.10.18"]
[EventRounds "11"]
[EventCountry "BRA"]

1. e4 e5 2. Nf3 Nc6 3. Bb5 a6 4. Ba4 Nf6 5. d3 b5 6. Bb3 Be7 7. O-O O-O 8. Re1
d6 9. c3 Na5 10. Bc2 c5 11. Nbd2 Nc6 12. Nf1 Re8 13. h3 Bf8 14. a4 Rb8 15. axb5
axb5 16. c4 Nb4 17. b3 Bd7 18. Bd2 Ra8 19. Ne3 Rxa1 20. Qxa1 Qa8 21. g4 Bc6 22.
Qb2 Nxc2 23. Nxc2 Qb7 24. Qc3 Ra8 25. Ra1 b4 26. Qb2 Rxa1+ 27. Qxa1 h5 28. Nh2
Bxe4 29. dxe4 Qxe4 30. Ne3 Qd3 31. Qb2 Ne4 32. Bc1 Nc3 33. Bd2 Ne2+ 34. Kh1 Nd4
35. Kg2 Qe4+ 36. Kg1 Ne2+ 37. Kf1 Nf4 38. f3 Qd3+ 39. Kg1 Qe2 40. Bc1 Qe1+ 41.
Nhf1 Ne2+ 42. Kg2 Nxc1 43. Qd2 Qxd2+ 44. Nxd2 hxg4 45. fxg4 Be7 46. Kf3 Kf8 47.
Ke4 Bg5 48. Nef1 Ke7 49. Kd5 Ne2 50. Ne4 Nc3+ 0-1

[Event "IX American Continental Classical Championship 201"]
[Site "Hotel Pipa AtlÃ¢ntico - Praia da Pipa - Rio Grande"]
[Date "2014.10.19"]
[Round "2"]
[Board "25"]
[White "Molina, Roberto Junio Brito"]
[Black "Zallio, Luciano De Souza"]
[Result "1-0"]
[WhiteElo "2425"]
[BlackElo "2150"]
[PlyCount "101"]
[EventDate "2014.10.18"]
[EventRounds "11"]
[EventCountry "BRA"]

1. d4 Nf6 2. c4 e6 3. Nc3 Bb4 4. e3 c5 5. Nge2 O-O 6. a3 Bxc3+ 7. Nxc3 b6 8. d5
exd5 9. cxd5 d6 10. Bd3 Nbd7 11. O-O Ne5 12. Be2 a6 13. e4 Re8 14. f3 Ng6 15.
Be3 Bb7 16. Qd2 Qe7 17. Rfe1 Rac8 18. Bf1 Rc7 19. Rad1 h6 20. h3 Qd8 21. Bf2
Nh5 22. b3 Bc8 23. b4 Qf6 24. bxc5 bxc5 25. Be3 Nh4 26. Bf2 Ng6 27. Kh2 Ne5 28.
Qe3 g5 29. Ne2 Nc4 30. Qc1 Ne5 31. Be3 Bxh3 32. gxh3 Nxf3+ 33. Kh1 Nxe1 34.
Rxe1 Qf3+ 35. Bg2 Ng3+ 36. Nxg3 Qxg3 37. Rf1 Rb8 38. Bg1 Qe5 39. Bh2 Qe7 40.
Qe1 Rcb7 41. e5 Rb3 42. e6 f6 43. Qe4 Kg7 44. Bf3 f5 45. Qxf5 Rf8 46. Qe4 Rxa3
47. Be2 Rxf1+ 48. Bxf1 Ra1 49. Kg2 Rd1 50. Bg1 Qf6 51. Be2 1-0

[Event "IX American Continental Classical Championship 201"]
[Site "Hotel Pipa AtlÃ¢ntico - Praia da Pipa - Rio Grande"]
[Date "2014.10.19"]
[Round "2"]
[Board "26"]
[White "Santos, Anderson Guerra Dos"]
[Black "Cori T., Deysi"]
[Result "0-1"]
[WhiteElo "2119"]
[BlackElo "2411"]
[PlyCount "56"]
[EventDate "2014.10.18"]
[EventRounds "11"]
[EventCountry "BRA"]

1. e4 e6 2. d4 d5 3. Nd2 c5 4. exd5 exd5 5. Ngf3 Nf6 6. Bb5+ Bd7 7. Qe2+ Be7 8.
Bxd7+ Nbxd7 9. dxc5 O-O 10. O-O Nxc5 11. Nb3 Re8 12. Be3 Nxb3 13. axb3 Bc5 14.
Qd3 Bxe3 15. fxe3 Qc7 16. Ra4 Re4 17. Ng5 Rxa4 18. bxa4 Re8 19. Rf3 Qe5 20. Qf5
Qxb2 21. h4 Qa1+ 22. Kh2 Qxa4 23. Rf4 Qc6 24. h5 h6 25. Nxf7 Kxf7 26. Qg6+ Kf8
27. Qh7 Re5 28. g4 Re4 0-1

[Event "IX American Continental Classical Championship 201"]
[Site "Hotel Pipa AtlÃ¢ntico - Praia da Pipa - Rio Grande"]
[Date "2014.10.19"]
[Round "2"]
[Board "27"]
[White "Leiva, Giuseppe"]
[Black "Caceres Vasquez, Sergio"]
[Result "1-0"]
[WhiteElo "2409"]
[BlackElo "2138"]
[PlyCount "93"]
[EventDate "2014.10.18"]
[EventRounds "11"]
[EventCountry "BRA"]

1. Nf3 c5 2. c4 Nc6 3. d4 cxd4 4. Nxd4 e5 5. Nb5 d6 6. N1c3 a6 7. Na3 Nf6 8. g3
Be7 9. Bg2 O-O 10. O-O h6 11. b3 Rb8 12. Bb2 Na7 13. Qd2 b6 14. Rac1 Bb7 15.
Nd5 Nxd5 16. cxd5 Rc8 17. Nc4 b5 18. Qe3 Ra8 19. Nb6 Rb8 20. Bc3 Qe8 21. Bb4
Nc8 22. Nxc8 Rxc8 23. Qb6 Qd7 24. e4 Rxc1 25. Rxc1 Rc8 26. Rxc8+ Bxc8 27. Qb8
Kh7 28. Kf1 Qd8 29. Ke1 a5 30. Bd2 Bd7 31. Qa7 a4 32. Qb7 axb3 33. axb3 Qc8 34.
Qxc8 Bxc8 35. Bf1 Bd7 36. Ba5 Kg8 37. Bc7 g6 38. Kd2 f5 39. Bd3 Kf7 40. Kc3 Bf8
41. Kb4 Ke7 42. Bb6 h5 43. Be3 Kd8 44. Bxb5 Be7 45. Bxd7 Kxd7 46. Kb5 Kc7 47.
Ka6 1-0

[Event "IX American Continental Classical Championship 201"]
[Site "Hotel Pipa AtlÃ¢ntico - Praia da Pipa - Rio Grande"]
[Date "2014.10.19"]
[Round "2"]
[Board "28"]
[White "Souza, Marcos Valerio A."]
[Black "Roselli Mailhe, Bernardo"]
[Result "0-1"]
[WhiteElo "2117"]
[BlackElo "2404"]
[PlyCount "50"]
[EventDate "2014.10.18"]
[EventRounds "11"]
[EventCountry "BRA"]

1. e4 e6 2. d4 d5 3. Nc3 Bb4 4. e5 Ne7 5. a3 Bxc3+ 6. bxc3 b6 7. Qg4 Ng6 8. h4
h5 9. Qg3 Ba6 10. Ne2 Qd7 11. a4 Kf8 12. Qf3 c5 13. g4 hxg4 14. Qxg4 cxd4 15.
cxd4 Qc6 16. Rh3 Kg8 17. Bg5 Nd7 18. h5 Ngf8 19. Rg3 Rh7 20. h6 Qxc2 21. Bf6
Nxf6 22. exf6 g6 23. Nf4 Qb2 24. Rd1 Qb4+ 25. Rd2 Bxf1 0-1

[Event "IX American Continental Classical Championship 201"]
[Site "Hotel Pipa AtlÃ¢ntico - Praia da Pipa - Rio Grande"]
[Date "2014.10.19"]
[Round "2"]
[Board "29"]
[White "Santiago, Yago De Moura"]
[Black "Souza, Rafael Cabral De"]
[Result "1-0"]
[WhiteElo "2397"]
[BlackElo "2138"]
[PlyCount "113"]
[EventDate "2014.10.18"]
[EventRounds "11"]
[EventCountry "BRA"]

1. d4 Nf6 2. c4 g6 3. Nc3 Bg7 4. e4 d6 5. Bd3 O-O 6. Nge2 e5 7. d5 Na6 8. h3
Nc5 9. Bc2 a5 10. Bg5 Bd7 11. a3 a4 12. O-O Qe8 13. Qd2 b5 14. cxb5 Bxb5 15.
Rfe1 Bc4 16. Ng3 Nfd7 17. Bh6 f6 18. Bxg7 Kxg7 19. Nf1 Nb6 20. Ne3 Bb3 21. Bd3
Nxd3 22. Qxd3 Nd7 23. g4 Nc5 24. Qe2 Qd7 25. Kh2 Kf7 26. Rf1 Rab8 27. f4 exf4
28. Rxf4 Kg7 29. Raf1 Qe7 30. h4 Qe5 31. Kh3 Rbe8 32. Qf3 Nd3 33. Nf5+ gxf5 34.
Qxd3 fxg4+ 35. Rxg4+ Kh8 36. Rf5 Qe7 37. Ne2 c6 38. Nf4 cxd5 39. Rh5 Rg8 40.
Ng6+ Rxg6 41. Rxg6 Qxe4 42. Qxe4 dxe4 43. Rgh6 Re7 44. Rxf6 Be6+ 45. Kg2 Kg7
46. Rfh6 Kg8 47. Rg5+ Kf8 48. Kf2 d5 49. Ke3 Bg8 50. Rf6+ Bf7 51. Rxd5 Kg7 52.
Rdd6 Rb7 53. Rb6 Re7 54. Rfd6 Bb3 55. Rd4 Bc2 56. Rbb4 Re8 57. Rbc4 1-0

[Event "IX American Continental Classical Championship 201"]
[Site "Hotel Pipa AtlÃ¢ntico - Praia da Pipa - Rio Grande"]
[Date "2014.10.19"]
[Round "2"]
[Board "30"]
[White "Arango, Andres Mauricio"]
[Black "Ruiz C, Joshua D"]
[Result "0-1"]
[WhiteElo "2111"]
[BlackElo "2396"]
[PlyCount "70"]
[EventDate "2014.10.18"]
[EventRounds "11"]
[EventCountry "BRA"]

1. e4 c5 2. Nc3 g6 3. h4 Bg7 4. h5 g5 5. Nh3 h6 6. f4 gxf4 7. Nxf4 Nc6 8. Bc4
Ne5 9. Be2 Nf6 10. d3 d6 11. Be3 Nfg4 12. Bg1 Bf6 13. Qd2 Bg5 14. g3 Rg8 15.
O-O-O Nc6 16. Rf1 e5 17. Kb1 exf4 18. gxf4 Be7 19. Nd5 Bf8 20. f5 Nf6 21. Be3
Rh8 22. Qc3 Be7 23. Rhg1 Ne5 24. Nxf6+ Bxf6 25. Qa3 Qb6 26. c3 Qa6 27. Qb3 Nxd3
28. Qd5 c4 29. Rg2 Qc6 30. Qa5 b6 31. Qa3 Bb7 32. Rfg1 O-O-O 33. Qxa7 Qxe4 34.
Qxb6 Ne1+ 35. Ka1 Nc2+ 0-1

[Event "IX American Continental Classical Championship 201"]
[Site "Hotel Pipa AtlÃ¢ntico - Praia da Pipa - Rio Grande"]
[Date "2014.10.19"]
[Round "2"]
[Board "31"]
[White "Valdes Escobar, Alvaro"]
[Black "Martinez, Ayelen"]
[Result "1-0"]
[WhiteElo "2378"]
[BlackElo "2120"]
[PlyCount "117"]
[EventDate "2014.10.18"]
[EventRounds "11"]
[EventCountry "BRA"]

1. e4 c5 2. Nf3 d6 3. d4 cxd4 4. Qxd4 a6 5. c4 Nf6 6. Nc3 Nc6 7. Qe3 Bg4 8. Be2
Bxf3 9. Bxf3 g6 10. O-O Nd7 11. Rd1 Bg7 12. Be2 O-O 13. Rb1 Nb4 14. Rd2 Rc8 15.
b3 Qb6 16. Qxb6 Nxb6 17. Bb2 Rfd8 18. a3 Bh6 19. Rdd1 Nc6 20. Nd5 Nd7 21. Bg4
e6 22. Nf6+ Kf8 23. Rxd6 Nde5 24. Rxd8+ Rxd8 25. Rd1 Bd2 26. Be2 h5 27. Nd5 Bh6
28. Ne3 Rxd1+ 29. Nxd1 f6 30. b4 Ke8 31. g3 Bd2 32. f4 Nd7 33. f5 Kf7 34. c5
Nce5 35. fxe6+ Kxe6 36. Kf1 a5 37. Bc3 Bc1 38. Bb2 Bd2 39. Nc3 axb4 40. axb4
Ng4 41. Bc4+ Ke7 42. Nd5+ Kd8 43. Ke2 Bg5 44. h3 Nge5 45. Bb5 h4 46. gxh4 Bxh4
47. Bc3 Nf8 48. Nf4 Ke7 49. Ba4 Bg5 50. Nd3 Ned7 51. Bb3 Ne6 52. Bd5 Nd8 53. b5
Nf8 54. Bb4 Nfe6 55. c6+ Ke8 56. cxb7 Nd4+ 57. Kf2 Nxb7 58. Bxb7 Bh4+ 59. Kg2
 1-0

[Event "IX American Continental Classical Championship 201"]
[Site "Hotel Pipa AtlÃ¢ntico - Praia da Pipa - Rio Grande"]
[Date "2014.10.19"]
[Round "2"]
[Board "32"]
[White "Araujo, Sergio Murilo"]
[Black "Quintiliano Pinto, Renato R."]
[Result "0-1"]
[WhiteElo "2109"]
[BlackElo "2378"]
[PlyCount "64"]
[EventDate "2014.10.18"]
[EventRounds "11"]
[EventCountry "BRA"]

1. c4 e6 2. Nc3 d5 3. e3 Nf6 4. Nf3 c6 5. d4 Nbd7 6. Bd3 dxc4 7. Bxc4 b5 8. Bd3
a6 9. e4 c5 10. d5 c4 11. Bc2 Qc7 12. O-O Bb7 13. dxe6 fxe6 14. Nd4 Qb6 15. Be3
Bc5 16. a4 O-O 17. axb5 axb5 18. Rxa8 Rxa8 19. Re1 Rd8 20. Ndxb5 Bxe3 21. Rxe3
Ne5 22. Qe2 Ba6 23. Ba4 Nfd7 24. Qh5 Rf8 25. h3 Rxf2 26. Kxf2 Nd3+ 27. Kf1 Qxe3
28. Qe2 Qc1+ 29. Nd1 N7c5 30. Nbc3 Nxa4 31. Nxa4 c3 32. Kg1 c2 0-1

[Event "IX American Continental Classical Championship 201"]
[Site "Hotel Pipa AtlÃ¢ntico - Praia da Pipa - Rio Grande"]
[Date "2014.10.19"]
[Round "2"]
[Board "33"]
[White "Castro, Oscar H."]
[Black "Maia, Jose Eduardo Bastos O."]
[Result "0-1"]
[WhiteElo "2359"]
[BlackElo "2118"]
[PlyCount "68"]
[EventDate "2014.10.18"]
[EventRounds "11"]
[EventCountry "BRA"]

1. d4 Nf6 2. Nf3 g6 3. Nc3 d5 4. Bf4 Bg7 5. e3 O-O 6. Be2 Bg4 7. O-O c6 8. Re1
Qb6 9. Rb1 Nbd7 10. b4 Rfe8 11. Ne5 Bxe2 12. Qxe2 Nxe5 13. Bxe5 Nd7 14. Bg3 e5
15. Na4 Qd8 16. Qd2 exd4 17. exd4 Nb6 18. Nc5 Nc4 19. Qd3 b6 20. Na6 Rxe1+ 21.
Rxe1 Qd7 22. a4 Re8 23. Rf1 Re4 24. c3 f5 25. Bb8 f4 26. Qh3 Qxh3 27. gxh3 f3
28. Bxa7 Re2 29. Nb8 Nd2 30. Rc1 Ne4 31. Rf1 Ng5 32. Nxc6 Nxh3+ 33. Kh1 Nxf2+
34. Rxf2 Re1+ 0-1

[Event "IX American Continental Classical Championship 201"]
[Site "Hotel Pipa AtlÃ¢ntico - Praia da Pipa - Rio Grande"]
[Date "2014.10.19"]
[Round "2"]
[Board "34"]
[White "Abdalla, Jose Lucas Aurelli"]
[Black "Umetsubo, Cesar Hidemitsu"]
[Result "1-0"]
[WhiteElo "2100"]
[BlackElo "2355"]
[PlyCount "55"]
[EventDate "2014.10.18"]
[EventRounds "11"]
[EventCountry "BRA"]

1. e4 c5 2. Nf3 e6 3. d3 d5 4. Nbd2 Nc6 5. g3 g6 6. Bg2 Bg7 7. O-O Nge7 8. Re1
b6 9. c3 Bb7 10. h4 h6 11. Qe2 Ba6 12. e5 g5 13. hxg5 hxg5 14. Nxg5 Nxe5 15. c4
Qd7 16. Ndf3 N5c6 17. Bf4 Nd4 18. Nxd4 Bxd4 19. Be5 Rh6 20. Bxd4 cxd4 21. Qe5
Kf8 22. Qf4 Ng8 23. cxd5 exd5 24. Qxd4 Rd8 25. Rac1 Qf5 26. Re5 Qxd3 27. Qb4+
Kg7 28. Nxf7 1-0

[Event "IX American Continental Classical Championship 201"]
[Site "Hotel Pipa AtlÃ¢ntico - Praia da Pipa - Rio Grande"]
[Date "2014.10.19"]
[Round "2"]
[Board "35"]
[White "Macedo, Maximo Iack"]
[Black "Pinto, Carlos Henrique Lopes"]
[Result "1/2-1/2"]
[WhiteElo "2336"]
[BlackElo "2116"]
[PlyCount "37"]
[EventDate "2014.10.18"]
[EventRounds "11"]
[EventCountry "BRA"]

1. d4 Nf6 2. c4 g6 3. Nc3 Bg7 4. e4 d6 5. Nf3 O-O 6. h3 Na6 7. Bg5 h6 8. Be3
Nd7 9. Qd2 Kh7 10. g4 e5 11. d5 Ndc5 12. Rg1 c6 13. O-O-O cxd5 14. cxd5 Bd7 15.
Kb1 b5 16. Bd3 b4 17. Ne2 Nxd3 18. Qxd3 Qa5 19. Qd2 1/2-1/2

[Event "IX American Continental Classical Championship 201"]
[Site "Hotel Pipa AtlÃ¢ntico - Praia da Pipa - Rio Grande"]
[Date "2014.10.19"]
[Round "2"]
[Board "36"]
[White "De Lima, Carlos Alexandre"]
[Black "Pereira, Silvio Cunha"]
[Result "1-0"]
[WhiteElo "2094"]
[BlackElo "2335"]
[PlyCount "105"]
[EventDate "2014.10.18"]
[EventRounds "11"]
[EventCountry "BRA"]

1. e4 e5 2. f4 exf4 3. Nf3 d5 4. exd5 Nf6 5. Bb5+ c6 6. dxc6 bxc6 7. Be2 Bd6 8.
O-O O-O 9. d4 Nbd7 10. Nbd2 Nb6 11. c4 Bc7 12. Qc2 h6 13. b3 g5 14. Bb2 Ng4 15.
Bd3 f5 16. d5 c5 17. h3 Nf6 18. Bxf5 Bxf5 19. Qxf5 Qd7 20. Qg6+ Qg7 21. Qxg7+
Kxg7 22. Ne4 Nbd7 23. Bxf6+ Nxf6 24. Rfe1 Nd7 25. Nexg5 hxg5 26. Nxg5 Be5 27.
Ne6+ Kf6 28. Nxf8 Rxf8 29. Rad1 Rg8 30. Kf1 Kf5 31. Re2 Nf6 32. b4 cxb4 33. d6
Ne4 34. g4+ fxg3 35. d7 Bf6 36. Kg2 Rd8 37. Rf1+ Nf2 38. Kxg3 Be5+ 39. Kxf2
Rxd7 40. Kg2+ Ke6 41. Rfe1 Rg7+ 42. Kf3 Rf7+ 43. Kg2 Rg7+ 44. Kh1 Rg5 45. h4
Rh5 46. Rxe5+ Rxe5 47. Rxe5+ Kxe5 48. h5 a5 49. h6 Kf6 50. c5 a4 51. h7 Kg7 52.
c6 b3 53. h8=Q+ 1-0

[Event "IX American Continental Classical Championship 201"]
[Site "Hotel Pipa AtlÃ¢ntico - Praia da Pipa - Rio Grande"]
[Date "2014.10.19"]
[Round "2"]
[Board "37"]
[White "Abarca Gonzalez, Nicolas"]
[Black "Rezende, Guilherme Vilela"]
[Result "1/2-1/2"]
[WhiteElo "2328"]
[BlackElo "2110"]
[PlyCount "119"]
[EventDate "2014.10.18"]
[EventRounds "11"]
[EventCountry "BRA"]

1. e4 c5 2. Nf3 d6 3. Bc4 Nf6 4. e5 dxe5 5. Nxe5 e6 6. Qe2 Be7 7. O-O O-O 8.
Re1 a6 9. a4 Qc7 10. b3 Nc6 11. Nxc6 Qxc6 12. a5 Nd5 13. Bxd5 Qxd5 14. Bb2 Bd7
15. Nc3 Qf5 16. Ne4 Bc6 17. d3 Rfd8 18. Qe3 Rac8 19. Qg3 Qg6 20. Qxg6 hxg6 21.
f4 Rd5 22. Be5 g5 23. Nc3 Rd7 24. Na4 Re8 25. fxg5 Bxg5 26. Nxc5 Rd5 27. b4 Bd2
28. c4 Rdd8 29. Red1 Bxb4 30. Nb3 f6 31. Bc7 Rd7 32. Bb6 Bc3 33. Rac1 Bb2 34.
Rc2 Be5 35. Ra2 Bc7 36. Bxc7 Rxc7 37. Kf2 e5 38. g4 Rd8 39. Ke3 Kf7 40. h4 Bd7
41. Rg1 Rh8 42. Rh2 Ba4 43. Nd2 Bc6 44. Nf1 Rd7 45. Ng3 Rdd8 46. Rd2 Rd4 47.
Ne2 Rd7 48. h5 Rh7 49. Ng3 Rd4 50. Nf5 Rf4 51. Rf2 Rxf2 52. Kxf2 g6 53. hxg6+
Kxg6 54. Nd6 Rh2+ 55. Ke3 Rh3+ 56. Kd2 Rh2+ 57. Ke3 Rh3+ 58. Kd2 Rh2+ 59. Kc3
Rh3 60. Kd2 1/2-1/2

[Event "IX American Continental Classical Championship 201"]
[Site "Hotel Pipa AtlÃ¢ntico - Praia da Pipa - Rio Grande"]
[Date "2014.10.19"]
[Round "2"]
[Board "38"]
[White "Perez Gormaz, Matias"]
[Black "Daneri, Martin"]
[Result "1/2-1/2"]
[WhiteElo "2327"]
[BlackElo "2099"]
[PlyCount "85"]
[EventDate "2014.10.18"]
[EventRounds "11"]
[EventCountry "BRA"]

1. e4 e6 2. d4 d5 3. Nc3 dxe4 4. Nxe4 Bd7 5. Nf3 Bc6 6. Bd3 Nd7 7. O-O Ngf6 8.
Ned2 Be7 9. Nc4 O-O 10. Na5 Bxf3 11. Qxf3 c6 12. Bd2 Qc7 13. b4 Bd6 14. b5 cxb5
15. Bxb5 Qxc2 16. Nc4 Be7 17. Rfc1 Qf5 18. Qxf5 exf5 19. Ne3 Rfc8 20. Nxf5 Ba3
21. Rd1 g6 22. Ne3 Nb6 23. Rab1 Nbd5 24. Rb3 Bf8 25. Be2 b6 26. Bf3 Rd8 27. Rc1
Rd7 28. g3 Rad8 29. Nc4 Rc8 30. Ne5 Rxc1+ 31. Bxc1 Rc7 32. Bb2 a5 33. Rb5 Rc2
34. Bxd5 Nxd5 35. Rxd5 Rxb2 36. Rd8 Kg7 37. Rd7 Rxa2 38. Rxf7+ Kg8 39. Rb7 Rb2
40. Rb8 Kg7 41. Rb7+ Kg8 42. Rb8 Kg7 43. Rb7+ 1/2-1/2

[Event "IX American Continental Classical Championship 201"]
[Site "Hotel Pipa AtlÃ¢ntico - Praia da Pipa - Rio Grande"]
[Date "2014.10.19"]
[Round "2"]
[Board "39"]
[White "Abdalla, Luiz Guilherme Aurell"]
[Black "Ramos, Angelo Bil"]
[Result "1-0"]
[WhiteElo "2302"]
[BlackElo "2093"]
[PlyCount "93"]
[EventDate "2014.10.18"]
[EventRounds "11"]
[EventCountry "BRA"]

1. d4 Nf6 2. c4 g6 3. Nc3 d5 4. cxd5 Nxd5 5. e4 Nxc3 6. bxc3 Bg7 7. Be3 c5 8.
Qd2 Qa5 9. Rc1 cxd4 10. cxd4 Qxd2+ 11. Bxd2 O-O 12. Nf3 Bg4 13. Rc7 Bxf3 14.
gxf3 Bxd4 15. Rxe7 Nc6 16. Rxb7 Rab8 17. Rb3 Rxb3 18. axb3 Ne5 19. Be2 Rb8 20.
f4 Nd7 21. b4 Nf6 22. f3 Rc8 23. Bd3 Nh5 24. Ke2 Ng7 25. Rc1 Rxc1 26. Bxc1 Kf8
27. Bc4 Ke7 28. Be3 Bb6 29. Kd3 Ne8 30. Bd2 Nc7 31. e5 Ne6 32. Ke4 Kd7 33. f5
gxf5+ 34. Kxf5 Nd4+ 35. Ke4 Ne6 36. f4 Ke7 37. f5 Nc7 38. Bc3 Bg1 39. h3 Bb6
40. b5 Bc5 41. Ba5 Bb6 42. Bb4+ Ke8 43. Kf4 h6 44. h4 Bd4 45. Ke4 Bb6 46. h5
Bf2 47. Bd2 1-0

[Event "IX American Continental Classical Championship 201"]
[Site "Hotel Pipa AtlÃ¢ntico - Praia da Pipa - Rio Grande"]
[Date "2014.10.19"]
[Round "2"]
[Board "40"]
[White "Manzi, Luiz Antonio Bardaro"]
[Black "Cuellar, Diego"]
[Result "0-1"]
[WhiteElo "2092"]
[BlackElo "2302"]
[PlyCount "92"]
[EventDate "2014.10.18"]
[EventRounds "11"]
[EventCountry "BRA"]

1. d4 d5 2. c4 e6 3. Nc3 c6 4. e3 Nf6 5. Nf3 Nbd7 6. Be2 dxc4 7. Bxc4 b5 8. Bd3
a6 9. O-O Bb7 10. Qe2 c5 11. Rd1 Qc7 12. Bd2 Bd6 13. Rac1 c4 14. Bb1 O-O 15. e4
e5 16. Bg5 exd4 17. Rxd4 Rfe8 18. Qd1 Bc5 19. Rd2 Rac8 20. a3 Bc6 21. Nd5 Bxd5
22. exd5 Ne4 23. d6 Qc6 24. Bxe4 Rxe4 25. Be7 h6 26. Nd4 Qb6 27. Nf3 Rb8 28. b4
cxb3 29. Qxb3 Ra4 30. Qd5 Rc8 31. Rcd1 Qa7 32. Ne5 Nxe5 33. Qxe5 Qd7 34. Rc2
Rc4 35. Rxc4 bxc4 36. h3 c3 37. Rc1 Bxa3 38. Rxc3 Rxc3 39. Qxc3 Bxd6 40. Bxd6
Qxd6 41. Kf1 Qd1+ 42. Qe1 Qxe1+ 43. Kxe1 Kf8 44. Kd2 Ke7 45. Kc3 Kd6 46. Kb4
Kd5 0-1

[Event "IX American Continental Classical Championship 201"]
[Site "Hotel Pipa AtlÃ¢ntico - Praia da Pipa - Rio Grande"]
[Date "2014.10.19"]
[Round "2"]
[Board "41"]
[White "Acosta, Pablo Ismael"]
[Black "Okamura, Milton Kasuo"]
[Result "0-1"]
[WhiteElo "2300"]
[BlackElo "2085"]
[PlyCount "120"]
[EventDate "2014.10.18"]
[EventRounds "11"]
[EventCountry "BRA"]

1. c4 e5 2. g3 Nf6 3. Bg2 d5 4. cxd5 Nxd5 5. Nc3 Nb6 6. Nf3 Nc6 7. O-O Be7 8.
a3 O-O 9. b4 Be6 10. d3 a5 11. b5 Nd4 12. Nxd4 exd4 13. Na4 Bd5 14. Bxd5 Qxd5
15. Rb1 Rfe8 16. Qc2 Bd6 17. Re1 Re6 18. Nxb6 cxb6 19. e4 dxe3 20. fxe3 Bc5 21.
Rb3 Rae8 22. Qc4 Qf3 23. d4 Qe4 24. Rf1 Bd6 25. a4 h5 26. Qd3 h4 27. Qxe4 Rxe4
28. Kg2 hxg3 29. hxg3 Rg4 30. Rf3 Rc8 31. Ba3 Bb8 32. Rd3 f6 33. Kh3 Re4 34.
Rf2 Kf7 35. Re2 Rc4 36. d5 Ke8 37. Kg2 Kd7 38. d6 Rxa4 39. Kf3 Re5 40. Rh2 Rxb5
41. e4 Rg5 42. Bc1 Re5 43. Be3 Rb4 44. Rh7 Bxd6 45. Rxg7+ Re7 46. Rg6 Ke6 47.
Bd4 Be5 48. Bxe5 Kxe5 49. Rd5+ Ke6 50. Rf5 Rf7 51. g4 Ke7 52. Kf4 a4 53. Rg8 a3
54. Ra8 Rb3 55. Rd5 Ke6 56. Rad8 Rc7 57. g5 fxg5+ 58. Kxg5 a2 59. Re8+ Kf7 60.
Rdd8 a1=Q 0-1